[Event "2BLW 2324 Bad Emstal/Wolfhagen - Düssel"]
[Site "?"]
[Date "2023.12.02"]
[Round "3.3"]
[White "Erigaisi Arjun"]
[Black "Larkin, Vladyslav"]
[Result "1-0"]
[WhiteElo "2727"]
[BlackElo "2490"]
[PlyCount "79"]
[EventDate "2023.??.??"]

1. c4 e5 2. Nc3 Nc6 3. Nf3 Nf6 4. d4 exd4 5. Nxd4 Bb4 6. g3 Ne4 7. Qd3 Nxc3 8. bxc3 Qf6 9. cxb4 Qxd4 10. Qxd4 Nxd4 11. Kd2 O-O 12. Kc3 Ne6 13. Bb2 Re8 14. h4 a5 15. a3 d6 16. Bg2 Nd8 17. e3 Bf5 18. Bd5 Be4 19. Rhd1 Nc6 20. Rac1 a4 21. Kd2 Na7 22. Ke2 Kf8 23. g4 h6 24. c5 Nb5 25. cxd6 Bxd5 26. d7 Red8 27. Rxd5 c6 28. Rd3 f6 29. g5 hxg5 30. hxg5 fxg5 31. Rc5 Nc7 32. Rxg5 Ne6 33. Rg1 Kf7 34. f4 g6 35. Be5 Nf8 36. Rgd1 Ne6 37. e4 Rg8 38. Rh3 Rgf8 39. Rh7+ Kg8 40. Re7 1-0

[Event "2BLW 2324 Bad Emstal/Wolfhagen - Düssel"]
[Site "?"]
[Date "2023.12.02"]
[Round "3.4"]
[White "Bilych, Olexiy"]
[Black "Van Foreest, Jorden"]
[Result "0-1"]
[WhiteElo "2433"]
[BlackElo "2679"]
[PlyCount "140"]
[EventDate "2023.??.??"]

1. d4 Nf6 2. c4 e6 3. Nc3 Bb4 4. e3 c5 5. Nge2 d6 6. a3 Ba5 7. d5 exd5 8. cxd5 O-O 9. Nf4 Nbd7 10. Be2 a6 11. O-O Re8 12. b4 cxb4 13. Nb5 Ne5 14. Bd2 g5 15. axb4 Bb6 16. Nd3 Nxd3 17. Bxd3 Bg4 18. f3 Bh5 19. Nd4 Nxd5 20. Kh1 Nxe3 21. Bxe3 Rxe3 22. Nf5 Re6 23. Bc4 Re5 24. g4 Bg6 25. Qxd6 Bc7 26. Qxd8+ Rxd8 27. Rae1 Bxf5 28. gxf5 Kg7 29. f6+ Kxf6 30. f4 Rxe1 31. fxg5+ Kxg5 32. Rxe1 Rd4 33. Bxf7 Rxb4 34. Re7 Bd6 35. Rd7 Be5 36. Kg2 Kf4 37. Bd5 Rb2+ 38. Kf1 b5 39. Ra7 Rd2 40. Bb3 Rxh2 41. Rxa6 Rb2 42. Bf7 Kg5 43. Ra3 Bd4 44. Bg8 h5 45. Rb3 Rf2+ 46. Kg1 Rf8+ 47. Kh1 Rb8 48. Bf7 h4 49. Kg2 b4 50. Rf3 Rc8 51. Kh3 Rc5 52. Bb3 Be5 53. Bg8 Rc1 54. Be6 Bf4 55. Kg2 Re1 56. Bd7 Re2+ 57. Rf2 Re7 58. Ba4 Re3 59. Rf3 Re2+ 60. Kf1 Rd2 61. Bb5 Be5 62. Rf2 Rd1+ 63. Ke2 Rd6 64. Rf3 Kg4 65. Re3 Bf4 66. Rb3 h3 67. Kf2 h2 68. Be2+ Kg5 69. Bf3 Rd2+ 70. Kf1 Bg3 0-1

[Event "2BLW 2324 Bad Emstal/Wolfhagen - Düssel"]
[Site "?"]
[Date "2023.12.02"]
[Round "3.5"]
[White "Esipenko, Andrey"]
[Black "Bogdanov, Egor"]
[Result "1-0"]
[WhiteElo "2702"]
[BlackElo "2394"]
[PlyCount "117"]
[EventDate "2023.??.??"]

1. e4 c5 2. Nf3 d6 3. Bb5+ Nd7 4. O-O a6 5. Bxd7+ Bxd7 6. c3 Nf6 7. Re1 e6 8. d4 cxd4 9. cxd4 Be7 10. Nc3 O-O 11. Qb3 b5 12. e5 Ne8 13. d5 exd5 14. Nxd5 Be6 15. Nxe7+ Qxe7 16. Qb4 Bd5 17. Bf4 Bxf3 18. exd6 Qb7 19. gxf3 Qxf3 20. Re3 Qd5 21. a4 Nf6 22. Be5 Rfe8 23. Bxf6 gxf6 24. Rg3+ Kh8 25. Qf4 Qe5 26. Qh6 Rg8 27. axb5 Qxd6 28. b4 Qe5 29. Rxa6 Rxa6 30. Rxg8+ Kxg8 31. bxa6 Qa1+ 32. Kg2 Qxa6 33. Qf4 Qb7+ 34. f3 Qd5 35. Qe4 Qd2+ 36. Kg3 Qb2 37. Qc4 Qe5+ 38. Qf4 Qe1+ 39. Kg4 Kg7 40. Kh5 Qb1 41. Qg4+ Kf8 42. Kh6 Qc1+ 43. f4 Qc4 44. Qf5 Qxb4 45. Qxf6 Qd2 46. h4 Qd3 47. f5 Qd1 48. Kxh7 Ke8 49. Kg7 Qg1+ 50. Qg5 Qc5 51. f6 Qf8+ 52. Kh7 Kd7 53. Qg8 Qc5 54. Qxf7+ Kc6 55. Qe6+ Kb5 56. f7 Ka5 57. Qg6 Qc7 58. Kg8 Qc4 59. h5 1-0

[Event "2BLW 2324 Bad Emstal/Wolfhagen - Düssel"]
[Site "?"]
[Date "2023.12.02"]
[Round "3.6"]
[White "Petrovskyi, Vadym"]
[Black "Bologan, Victor"]
[Result "0-1"]
[WhiteElo "2440"]
[BlackElo "2586"]
[PlyCount "56"]
[EventDate "2023.??.??"]

1. e4 e5 2. Nf3 Nc6 3. Bb5 a6 4. Ba4 d6 5. O-O Nf6 6. Re1 Bd7 7. c3 g6 8. d4 Bg7 9. d5 Ne7 10. Bxd7+ Nxd7 11. c4 h6 12. Nc3 f5 13. b4 Nf6 14. Nd2 O-O 15. a4 c6 16. dxc6 Nxc6 17. Ba3 Nd4 18. exf5 gxf5 19. Nb3 Rc8 20. Nxd4 exd4 21. Nd5 Nxd5 22. cxd5 f4 23. Re6 Qg5 24. Rxd6 f3 25. g3 d3 26. Rb1 d2 27. h4 Qf5 28. Kh2 Rfe8 0-1

[Event "2BLW 2324 Bad Emstal/Wolfhagen - Düssel"]
[Site "?"]
[Date "2023.12.02"]
[Round "3.7"]
[White "Berelowitsch, Alexander"]
[Black "Bilovil, Bogdan"]
[Result "1/2-1/2"]
[WhiteElo "2485"]
[BlackElo "2402"]
[PlyCount "43"]
[EventDate "2023.??.??"]

1. e4 e6 2. d4 d5 3. Nd2 c5 4. exd5 Qxd5 5. Ngf3 cxd4 6. Bc4 Qd7 7. O-O Nc6 8. Nb3 a6 9. Nbxd4 Nxd4 10. Nxd4 Qc7 11. Bb3 Bd6 12. Qh5 Qc5 13. Qxc5 Bxc5 14. Be3 Ba7 15. Rfe1 Nf6 16. Nf5 Bxe3 17. Rxe3 g6 18. Nd6+ Ke7 19. Rd1 Rb8 20. Nc4 Bd7 21. Ne5 h5 22. h4 1/2-1/2

[Event "2BLW 2324 Bad Emstal/Wolfhagen - Düssel"]
[Site "?"]
[Date "2023.12.02"]
[Round "3.8"]
[White "Prokofiev, Valentyn"]
[Black "Orlov, Andrey"]
[Result "0-1"]
[WhiteElo "2340"]
[BlackElo "2486"]
[PlyCount "74"]
[EventDate "2023.??.??"]

1. Nf3 c5 2. c4 Nf6 3. Nc3 e6 4. d4 cxd4 5. Nxd4 a6 6. e4 Qc7 7. a3 b6 8. Be3 Bb7 9. f3 Nc6 10. Rc1 Nxd4 11. Bxd4 Bc5 12. b4 Bxd4 13. Qxd4 O-O 14. Be2 d6 15. O-O Rab8 16. Rfd1 Rfd8 17. g4 h6 18. Qe3 Nh7 19. Kg2 Qe7 20. Kg3 Nf8 21. h4 e5 22. Nd5 Bxd5 23. cxd5 Ng6 24. Rh1 b5 25. Rc6 Rdc8 26. Qc3 Qd8 27. Bd1 Nf4 28. Rh2 Rxc6 29. Qxc6 Rc8 30. Qxa6 Rc1 31. Rc2 Rxc2 32. Bxc2 Qc7 33. Bd1 Qc3 34. g5 Qe1+ 35. Kg4 g6 36. Qa8+ Kh7 37. Qa7 h5# 0-1

[Event "2BLW 2324 SV Koblenz - Aachener SV"]
[Site "?"]
[Date "2023.12.02"]
[Round "3.1"]
[White "Nagy, Gabor"]
[Black "Sulskis, Sarunas"]
[Result "1/2-1/2"]
[WhiteElo "2447"]
[BlackElo "2490"]
[PlyCount "49"]
[EventDate "2023.??.??"]

1. d4 d5 2. c4 dxc4 3. e3 Nf6 4. Bxc4 e6 5. Nf3 c5 6. O-O a6 7. Nbd2 cxd4 8. Nxd4 Bc5 9. N4f3 Nc6 10. a3 b5 11. Be2 Bb7 12. b4 Bd6 13. Bb2 O-O 14. Rc1 Qb8 15. Bxf6 gxf6 16. Ne4 Be7 17. Nc5 Rd8 18. Qb3 Ne5 19. Nxb7 Qxb7 20. Nd4 Rac8 21. f4 Ng6 22. Bf3 Qb6 23. f5 exf5 24. Nxf5 Bf8 25. Rxc8 1/2-1/2

[Event "2BLW 2324 SV Koblenz - Aachener SV"]
[Site "?"]
[Date "2023.12.02"]
[Round "3.2"]
[White "Wiedenkeller, Michael"]
[Black "Galyas, Miklos"]
[Result "1/2-1/2"]
[WhiteElo "2427"]
[BlackElo "2444"]
[PlyCount "54"]
[EventDate "2023.??.??"]

1. d4 d5 2. c4 e6 3. Nf3 a6 4. Nbd2 dxc4 5. Nxc4 b5 6. Nce5 Bb7 7. e3 Nf6 8. Ng5 Bb4+ 9. Bd2 Bxd2+ 10. Qxd2 O-O 11. Bd3 Nbd7 12. Nxd7 Qxd7 13. Qc2 h6 14. Ne4 Nxe4 15. Bxe4 Bxe4 16. Qxe4 Qd6 17. O-O c5 18. dxc5 Qxc5 19. Rac1 Qb6 20. Rfd1 Rfd8 21. g3 Rxd1+ 22. Rxd1 Rd8 23. Rxd8+ Qxd8 24. Qc6 g6 25. b4 Qd3 26. Qxa6 Qb1+ 27. Kg2 Qe4+ 1/2-1/2

[Event "2BLW 2324 SV Koblenz - Aachener SV"]
[Site "?"]
[Date "2023.12.02"]
[Round "3.3"]
[White "Koch, Thomas"]
[Black "Fritsche, Lutz"]
[Result "1/2-1/2"]
[WhiteElo "2426"]
[BlackElo "2313"]
[PlyCount "53"]
[EventDate "2023.??.??"]

1. d4 e6 2. c4 d5 3. Nc3 c6 4. e3 f5 5. Bd3 Nf6 6. Qc2 Bd6 7. Nge2 O-O 8. f3 Kh8 9. O-O Bd7 10. Bd2 Na6 11. a3 dxc4 12. Bxc4 Nc7 13. Nd1 Qe7 14. Nf2 c5 15. Nd3 cxd4 16. exd4 Rac8 17. Rac1 Ncd5 18. Qd1 Nb6 19. Bb3 Bb5 20. Rxc8 Rxc8 21. Bf4 Nc4 22. Re1 Nd5 23. Bxc4 Bxc4 24. Bxd6 Qxd6 25. Ne5 Kg8 26. Qc1 Nb6 27. Qe3 1/2-1/2

[Event "2BLW 2324 SV Koblenz - Aachener SV"]
[Site "?"]
[Date "2023.12.02"]
[Round "3.4"]
[White "Hammes, Michael"]
[Black "Lemmers, Oscar"]
[Result "1/2-1/2"]
[WhiteElo "2339"]
[BlackElo "2354"]
[PlyCount "82"]
[EventDate "2023.??.??"]

1. d4 d5 2. c4 c6 3. Nf3 Nf6 4. Nc3 dxc4 5. e4 b5 6. Be2 e6 7. O-O a5 8. a4 b4 9. e5 Nd5 10. Ne4 c3 11. bxc3 bxc3 12. Ba3 Bb4 13. Nd6+ Kf8 14. Ne4 Kg8 15. h4 Nd7 16. Qc2 Bb7 17. Rfd1 Qb6 18. Nfg5 c5 19. Nd6 cxd4 20. Ndxf7 h6 21. Nxh8 hxg5 22. Ng6 Nf4 23. hxg5 Nxg6 24. Qxg6 Nxe5 25. Qh5 Bxa3 26. g6 c2 27. Rxa3 cxd1=Q+ 28. Bxd1 Qb1 29. Rb3 Qxg6 30. Qxg6 Nxg6 31. Rxb7 Rc8 32. Bb3 Rc1+ 33. Kh2 Nf8 34. Kg3 d3 35. Kf3 Re1 36. Rb6 Kh7 37. Rd6 e5 38. Bd5 Ra1 39. Be4+ g6 40. Bxd3 Rxa4 41. Rd5 Rd4 1/2-1/2

[Event "2BLW 2324 SV Koblenz - Aachener SV"]
[Site "?"]
[Date "2023.12.02"]
[Round "3.5"]
[White "Klein, Felix"]
[Black "Stewart, Neil"]
[Result "1-0"]
[WhiteElo "2293"]
[BlackElo "2275"]
[PlyCount "83"]
[EventDate "2023.??.??"]

1. e4 c5 2. Nf3 d6 3. d4 cxd4 4. Nxd4 Nf6 5. Nc3 Nc6 6. Bg5 e6 7. Qd2 a6 8. O-O-O Bd7 9. Kb1 h6 10. Be3 Be7 11. f3 b5 12. Nxc6 Bxc6 13. Ne2 Qc7 14. Nd4 Bb7 15. Rc1 Rb8 16. c4 b4 17. Bd3 Nd7 18. h4 Nc5 19. g4 h5 20. gxh5 Rxh5 21. Bg5 g6 22. Rhe1 Bxg5 23. hxg5 e5 24. Ne2 Ke7 25. Ng3 Rh3 26. Rg1 Rbh8 27. Bf1 Rh2 28. Bg2 a5 29. Nf1 R2h4 30. Ne3 Ne6 31. Rh1 Rxh1 32. Bxh1 Rh5 33. Nd5+ Bxd5 34. cxd5 Nc5 35. f4 exf4 36. Qxf4 Kf8 37. Bf3 Rh3 38. e5 dxe5 39. Qf6 Qe7 40. d6 Qxf6 41. gxf6 Ke8 42. Bc6+ 1-0

[Event "2BLW 2324 SV Koblenz - Aachener SV"]
[Site "?"]
[Date "2023.12.02"]
[Round "3.6"]
[White "Doncevic, Dario"]
[Black "Sonntag, Hans-Hubert"]
[Result "1/2-1/2"]
[WhiteElo "2229"]
[BlackElo "2283"]
[PlyCount "36"]
[EventDate "2023.??.??"]

1. Nf3 d5 2. g3 c6 3. Bg2 Bf5 4. d3 h6 5. O-O Nf6 6. Nbd2 e6 7. Qe1 Be7 8. e4 dxe4 9. dxe4 Bh7 10. Ne5 O-O 11. a4 Nbd7 12. Nd3 a5 13. Nc4 Nc5 14. Nxc5 Bxc5 15. Bd2 b6 16. Bf4 Qe7 17. Qe2 Rfd8 18. Ne5 Rac8 1/2-1/2

[Event "2BLW 2324 SV Koblenz - Aachener SV"]
[Site "?"]
[Date "2023.12.02"]
[Round "3.7"]
[White "Begnis, Nikolaos"]
[Black "Wolf, Volker"]
[Result "1/2-1/2"]
[WhiteElo "2279"]
[BlackElo "2225"]
[PlyCount "26"]
[EventDate "2023.??.??"]

1. e4 Nf6 2. e5 Nd5 3. Nc3 Nxc3 4. dxc3 d6 5. Nf3 Nc6 6. Bb5 a6 7. Bxc6+ bxc6 8. Qe2 g6 9. Bf4 Bg7 10. O-O O-O 11. Rfe1 Bg4 12. h3 Bxf3 13. Qxf3 d5 1/2-1/2

[Event "2BLW 2324 SV Koblenz - Aachener SV"]
[Site "?"]
[Date "2023.12.02"]
[Round "3.8"]
[White "Repplinger, Marc"]
[Black "Meessen, Rudolf"]
[Result "1/2-1/2"]
[WhiteElo "2199"]
[BlackElo "2175"]
[PlyCount "90"]
[EventDate "2023.??.??"]

1. d4 d6 2. Nf3 Nf6 3. c4 g6 4. Nc3 Bg7 5. Bf4 O-O 6. e3 b6 7. h3 Bb7 8. Be2 Ne4 9. Nxe4 Bxe4 10. O-O Nd7 11. Nd2 Bb7 12. Bf3 Qc8 13. Bh2 e5 14. Qa4 Rd8 15. d5 f5 16. Qc2 a5 17. Kh1 Nf6 18. Rad1 Qd7 19. Nb1 g5 20. Nc3 Rf8 21. Be2 Rae8 22. f4 exf4 23. exf4 g4 24. Rde1 gxh3 25. gxh3 c6 26. Bf3 cxd5 27. Nxd5 Nxd5 28. cxd5 Qb5 29. Qg2 Qxb2 30. Qxb2 Bxb2 31. Rb1 Bd4 32. Bg1 Be3 33. Bxe3 Rxe3 34. Rxb6 Rxf3 35. Rxf3 Bxd5 36. Kg2 Rc8 37. Rxd6 Rc2+ 38. Kg3 Bxf3 39. Kxf3 Rxa2 40. Rd5 Ra3+ 41. Kg2 Kg7 42. Rxf5 h6 43. h4 Kg6 44. Re5 Kf6 45. Rh5 Kg6 1/2-1/2

[Event "2BLW 2324 SG Solingen II - SF Lieme"]
[Site "?"]
[Date "2023.12.03"]
[Round "4.1"]
[White "Niermann, Tristan"]
[Black "Krastev, Alexander"]
[Result "0-1"]
[WhiteElo "2412"]
[BlackElo "2447"]
[PlyCount "54"]
[EventDate "2023.??.??"]

1. e4 c5 2. Nf3 Nc6 3. d4 cxd4 4. Nxd4 e6 5. Nc3 d6 6. g4 Nge7 7. Be3 a6 8. Qe2 Nxd4 9. Bxd4 Nc6 10. Be3 b5 11. Bg2 Qc7 12. O-O-O Be7 13. f4 O-O 14. g5 b4 15. Nb1 a5 16. a4 bxa3 17. Nxa3 Ba6 18. Qf3 Rfc8 19. Kb1 Rab8 20. Bc1 d5 21. exd5 Nb4 22. Ka1 Nxc2+ 23. Nxc2 Qxc2 24. d6 Rc4 25. Rd3 Bxd6 26. b3 Ra4+ 27. bxa4 Rb1# 0-1

[Event "2BLW 2324 SG Solingen II - SF Lieme"]
[Site "?"]
[Date "2023.12.03"]
[Round "4.2"]
[White "Roseneck, Jonas"]
[Black "Wittke, Rene"]
[Result "1/2-1/2"]
[WhiteElo "2390"]
[BlackElo "2324"]
[PlyCount "105"]
[EventDate "2023.??.??"]

1. c4 g6 2. d4 Nf6 3. Nc3 Bg7 4. e4 d6 5. Be2 O-O 6. Nf3 e5 7. dxe5 dxe5 8. Qxd8 Rxd8 9. Bg5 Re8 10. O-O-O Bg4 11. Ng1 Na6 12. f3 Be6 13. h4 Nh5 14. b3 Ng3 15. Rh2 c6 16. Bd3 f6 17. Be3 Nb4 18. Bf2 Bh6+ 19. Kb1 Bf4 20. Bxg3 Bxg3 21. Rh1 Rad8 22. Bc2 h5 23. Nge2 Bf2 24. a3 Nxc2 25. Kxc2 a5 26. Nc1 Rxd1 27. Nxd1 Bc5 28. a4 Kf7 29. Nd3 Bd4 30. Nc3 Rg8 31. Ne2 Be3 32. g3 b5 33. axb5 cxb5 34. Ra1 bxc4 35. bxc4 Bxc4 36. Rxa5 Rd8 37. Ra3 Bxd3+ 38. Rxd3 Rxd3 39. Kxd3 Bf2 40. g4 Bxh4 41. gxh5 gxh5 42. f4 Bf2 43. fxe5 h4 44. e6+ Ke7 45. Nf4 Bg3 46. Nd5+ Kxe6 47. Ke2 h3 48. Kf3 Be5 49. Kf2 Bh2 50. Kf3 Bd6 51. Kf2 Ke5 52. Nxf6 Kxf6 53. Kg1 1/2-1/2

[Event "2BLW 2324 SG Solingen II - SF Lieme"]
[Site "?"]
[Date "2023.12.03"]
[Round "4.3"]
[White "Bentel, Robin"]
[Black "Wegerle, Joerg"]
[Result "0-1"]
[WhiteElo "2187"]
[BlackElo "2415"]
[PlyCount "142"]
[EventDate "2023.??.??"]

1. d4 Nf6 2. c4 e6 3. Nf3 Bb4+ 4. Bd2 c5 5. Bxb4 cxb4 6. a3 bxa3 7. Rxa3 O-O 8. Nc3 d5 9. e3 Nc6 10. c5 Bd7 11. Bb5 Nb4 12. Qb3 a5 13. Bxd7 Nxd7 14. Na2 b6 15. Nxb4 axb4 16. Qxb4 bxc5 17. dxc5 Rb8 18. Qd4 Nxc5 19. b4 Qb6 20. Rc3 Qxb4 21. Qxb4 Rxb4 22. O-O Ne4 23. Rc7 Rfb8 24. Ne5 R4b7 25. Rxb7 Rxb7 26. f3 Nd6 27. Ra1 g5 28. g4 Kg7 29. Ra6 Nc4 30. Nxc4 dxc4 31. Rc6 Rb1+ 32. Kf2 Rc1 33. e4 c3 34. Rc5 c2 35. Kg2 Kf6 36. Kh3 Rf1 37. e5+ Kg6 38. Rxc2 Rxf3+ 39. Kg2 Re3 40. Rc5 h5 41. h3 h4 42. Ra5 Rg3+ 43. Kh2 Rd3 44. Ra2 Re3 45. Ra5 Re2+ 46. Kg1 f6 47. exf6 Kxf6 48. Rb5 Rd2 49. Ra5 Rd5 50. Ra2 Rd3 51. Kg2 Ke5 52. Ra5+ Kf4 53. Ra4+ Ke3 54. Ra5 Rd2+ 55. Kg1 Rd5 56. Ra3+ Ke4 57. Kf2 Rd2+ 58. Kg1 e5 59. Ra4+ Kf3 60. Ra5 Re2 61. Rb5 Kf4 62. Ra5 e4 63. Rf5+ Kg3 64. Kf1 Re3 65. Rxg5 Rf3+ 66. Ke2 Kxh3 67. Re5 Kg2 68. g5 h3 69. g6 Rg3 70. Rf5 h2 71. Rf2+ Kh3 0-1

[Event "2BLW 2324 SG Solingen II - SF Lieme"]
[Site "?"]
[Date "2023.12.03"]
[Round "4.4"]
[White "Gaponenko, Inna"]
[Black "Essing, Arnold"]
[Result "1/2-1/2"]
[WhiteElo "2336"]
[BlackElo "2210"]
[PlyCount "60"]
[EventDate "2023.??.??"]

1. e4 e5 2. Nf3 Nf6 3. Nxe5 d6 4. Nf3 Nxe4 5. d4 d5 6. Bd3 Bd6 7. O-O O-O 8. c4 c6 9. cxd5 cxd5 10. Nc3 Nxc3 11. bxc3 Nc6 12. Rb1 b6 13. Ne5 Bxe5 14. dxe5 Nxe5 15. Bxh7+ Kxh7 16. Qh5+ Kg8 17. Qxe5 Re8 18. Qg3 Bf5 19. Rb4 Re4 20. Rxe4 dxe4 21. Be3 Qd5 22. Bd4 Bg6 23. h4 b5 24. a3 a6 25. f4 exf3 26. Rxf3 Re8 27. Rf4 Qh5 28. Rg4 Kh7 29. Kh2 f6 30. Rf4 Re4 1/2-1/2

[Event "2BLW 2324 SG Solingen II - SF Lieme"]
[Site "?"]
[Date "2023.12.03"]
[Round "4.5"]
[White "Schaffarczyk, Andre"]
[Black "Schlecht, Daniel"]
[Result "1/2-1/2"]
[WhiteElo "2108"]
[BlackElo "2380"]
[PlyCount "41"]
[EventDate "2023.??.??"]

1. e4 c5 2. Nf3 d6 3. Nc3 a6 4. d4 cxd4 5. Nxd4 Nf6 6. Bg5 e6 7. f4 h6 8. Bh4 Nbd7 9. Qf3 e5 10. Nf5 exf4 11. Bxf6 Nxf6 12. O-O-O Bxf5 13. exf5 Be7 14. Bc4 O-O 15. Rhe1 b5 16. Bb3 Rc8 17. Kb1 Rc5 18. Qxf4 Qd7 19. g4 Rfc8 20. h4 Nh7 21. Ne4 1/2-1/2

[Event "2BLW 2324 SG Solingen II - SF Lieme"]
[Site "?"]
[Date "2023.12.03"]
[Round "4.6"]
[White "Schaefer, Markus"]
[Black "Erofeev, Anastasia"]
[Result "1/2-1/2"]
[WhiteElo "2358"]
[BlackElo "2007"]
[PlyCount "67"]
[EventDate "2023.??.??"]

1. e4 c5 2. Nf3 e6 3. g3 d6 4. Bg2 Nc6 5. O-O Nf6 6. Re1 Be7 7. d4 cxd4 8. Nxd4 Nd7 9. c4 a6 10. Nc3 Qc7 11. Nxc6 bxc6 12. b3 Bf6 13. Bb2 O-O 14. Qd2 Rd8 15. Rad1 Nf8 16. Na4 e5 17. Qe3 c5 18. Nc3 Bb7 19. Nd5 Bxd5 20. Rxd5 Ne6 21. Rdd1 Rab8 22. Bc3 Bg5 23. Qd3 a5 24. Rb1 Qa7 25. Bh3 Nd4 26. Rf1 a4 27. b4 cxb4 28. Rxb4 Rxb4 29. Bxb4 Qb6 30. Rb1 Rb8 31. a3 Be7 32. Rd1 Qc6 33. Bg4 Bd8 34. Rb1 1/2-1/2

[Event "2BLW 2324 SG Solingen II - SF Lieme"]
[Site "?"]
[Date "2023.12.03"]
[Round "4.7"]
[White "Stork, Joachim"]
[Black "Wickenfeld, Stefan"]
[Result "0-1"]
[WhiteElo "1969"]
[BlackElo "2216"]
[PlyCount "126"]
[EventDate "2023.??.??"]

1. f4 d5 2. Nf3 g6 3. e3 Bg7 4. Be2 Nf6 5. O-O O-O 6. Nc3 b6 7. d4 Bb7 8. b4 c5 9. bxc5 bxc5 10. Rb1 cxd4 11. exd4 Qc8 12. Na4 Ne4 13. Bd2 Nc6 14. Nc5 Nxc5 15. dxc5 Nd4 16. Bd3 Nxf3+ 17. Qxf3 Qxc5+ 18. Kh1 Rab8 19. Rb5 Qc6 20. Rfb1 Bd4 21. Be3 Bxe3 22. Qxe3 d4 23. Qf2 Rfd8 24. f5 Kg7 25. Rf1 Qe8 26. h4 Bxg2+ 27. Kxg2 Rxb5 28. f6+ Kg8 29. Bxb5 Qxb5 30. fxe7 Qb7+ 31. Kg1 Qxe7 32. Re1 Qd6 33. h5 d3 34. cxd3 Qxd3 35. h6 Kf8 36. Qxa7 Qd4+ 37. Qxd4 Rxd4 38. Rb1 Ra4 39. Rb8+ Ke7 40. Rh8 Rxa2 41. Rxh7 Kf6 42. Rh8 Ra5 43. Rb8 Rh5 44. Rb6+ Kg5 45. Rb7 f5 46. h7 Kf6 47. Kg2 g5 48. Kg3 f4+ 49. Kf3 Rh3+ 50. Ke4 Re3+ 51. Kd4 Re8 52. Rb6+ Kg7 53. Rb5 Kg6 54. Rb7 Rh8 55. Rb6+ Kxh7 56. Ke4 Rf8 57. Kf3 Kg7 58. Kg4 Rf6 59. Rb7+ Kg6 60. Rb5 f3 61. Rb1 f2 62. Rf1 Rf4+ 63. Kg3 Kf5 0-1

[Event "2BLW 2324 SG Solingen II - SF Lieme"]
[Site "?"]
[Date "2023.12.03"]
[Round "4.8"]
[White "Bashylina, Luisa"]
[Black "Karsunke, Marvin"]
[Result "1-0"]
[WhiteElo "2179"]
[BlackElo "1897"]
[PlyCount "127"]
[EventDate "2023.??.??"]

1. d4 e6 2. c4 Nf6 3. Nc3 Bb4 4. a3 Bxc3+ 5. bxc3 c5 6. e3 Nc6 7. Bd3 d6 8. Ne2 e5 9. d5 Na5 10. e4 h6 11. O-O b6 12. Ng3 Qc7 13. f4 Bd7 14. Nh5 Nxh5 15. Qxh5 Rf8 16. Be3 Ba4 17. fxe5 dxe5 18. Rf5 O-O-O 19. Rxe5 g6 20. Qg4+ Bd7 21. Qg3 f6 22. Re7 Qxg3 23. hxg3 g5 24. Rh7 Rh8 25. Rxh8 Rxh8 26. Rf1 Ba4 27. Rxf6 Bb3 28. Rf7 Bxc4 29. Bxc4 Nxc4 30. Bc1 Re8 31. Rxa7 Rxe4 32. Kf2 Re5 33. Rh7 Rxd5 34. Rxh6 Rd3 35. Bxg5 Rxc3 36. Bf4 Rxa3 37. g4 Kd7 38. g5 Ra8 39. Kf3 Re8 40. Rf6 Ne5+ 41. Kg3 b5 42. Rf5 Ng6 43. Rxc5 Nxf4 44. Kxf4 Rf8+ 45. Ke5 Re8+ 46. Kf5 Rb8 47. Kf6 Kd6 48. Rc2 Rf8+ 49. Kg7 Rf4 50. g6 Ke6 51. Rc6+ Ke7 52. Rc5 Rg4 53. Rxb5 Rxg2 54. Re5+ Kd6 55. Re3 Kd7 56. Kh7 Rh2+ 57. Kg8 Rg2 58. g7 Rg1 59. Re4 Kd6 60. Kf7 Rf1+ 61. Kg6 Rg1+ 62. Kf6 Rf1+ 63. Kg5 Rg1+ 64. Rg4 1-0

[Event "2BLW 2324 Klub Kölner SF - SV Werder Br"]
[Site "?"]
[Date "2023.12.03"]
[Round "4.1"]
[White "Colbow, Collin"]
[Black "Strohhaeker, Raoul"]
[Result "1-0"]
[WhiteElo "2383"]
[BlackElo "2438"]
[PlyCount "63"]
[EventDate "2023.??.??"]

1. e4 c5 2. Nf3 e6 3. d4 cxd4 4. Nxd4 a6 5. Bd3 Nc6 6. Nxc6 dxc6 7. Bf4 Qf6 8. Be3 e5 9. Nd2 Be6 10. a4 Bd6 11. Nc4 Bxc4 12. Bxc4 Rd8 13. O-O Ne7 14. a5 O-O 15. Qg4 Nc8 16. Rfd1 Qg6 17. Qh3 Be7 18. Rd7 Rxd7 19. Qxd7 Qxe4 20. b3 Rd8 21. Qxb7 Qxc2 22. Qxa6 Bb4 23. Qb7 Bxa5 24. Qxf7+ Kh8 25. Bg5 Rd1+ 26. Bf1 h6 27. Qe8+ Kh7 28. Rxd1 Qxd1 29. Be3 Nb6 30. Qxe5 Nd5 31. Bd4 Nf6 32. Qf5+ 1-0

[Event "2BLW 2324 Klub Kölner SF - SV Werder Br"]
[Site "?"]
[Date "2023.12.03"]
[Round "4.2"]
[White "Stork, Oliver"]
[Black "Reuker, Jari"]
[Result "1-0"]
[WhiteElo "2298"]
[BlackElo "2384"]
[PlyCount "103"]
[EventDate "2023.??.??"]

1. c4 e6 2. Nf3 Nf6 3. Nc3 d5 4. e3 b6 5. b3 Bb7 6. Bb2 Bd6 7. cxd5 exd5 8. Nb5 Be7 9. Be5 Na6 10. Rc1 c5 11. Be2 O-O 12. a3 Qd7 13. O-O Rfc8 14. d4 Ne4 15. dxc5 bxc5 16. Bd3 Qe6 17. Qe2 f6 18. Bb2 Nb8 19. b4 a6 20. Nc3 cxb4 21. axb4 Bxb4 22. Nxe4 dxe4 23. Bc4 Rxc4 24. Qxc4 Qxc4 25. Rxc4 a5 26. Rc7 exf3 27. Rxb7 fxg2 28. Rd1 Nc6 29. Kxg2 Bf8 30. Rc1 Nd8 31. Rbc7 Ne6 32. Rc8 Rxc8 33. Rxc8 Kf7 34. Bc3 a4 35. Ra8 a3 36. Bd2 g5 37. h4 g4 38. h5 Ng7 39. Ra7+ Kg8 40. Ra5 Bd6 41. Bc3 Ne8 42. Ra4 Kf7 43. Rxg4 Ng7 44. h6 Nf5 45. Ra4 Bf8 46. Rf4 Nxh6 47. Rxf6+ Ke8 48. Ra6 Kd7 49. Ra7+ Kc6 50. Rxh7 Kb5 51. Rh8 Kc4 52. Ba1 1-0

[Event "2BLW 2324 Klub Kölner SF - SV Werder Br"]
[Site "?"]
[Date "2023.12.03"]
[Round "4.3"]
[White "Meins, Gerlef"]
[Black "Morawietz, Dieter"]
[Result "0-1"]
[WhiteElo "2406"]
[BlackElo "2383"]
[PlyCount "58"]
[EventDate "2023.??.??"]

1. d4 Nf6 2. c4 e6 3. Nc3 Bb4 4. e3 b6 5. Nge2 Ba6 6. a3 Be7 7. Nf4 O-O 8. Bd3 d5 9. cxd5 Bxd3 10. Qxd3 Nxd5 11. Ncxd5 exd5 12. Bd2 Re8 13. Rc1 c6 14. O-O Bd6 15. Rc2 a5 16. f3 Bxf4 17. exf4 Qd6 18. Rfc1 Rc8 19. Qb5 Qd8 20. f5 h6 21. Be1 Kh7 22. Qd3 Qf6 23. Bg3 Nd7 24. Re2 Re8 25. Rce1 Rxe2 26. Rxe2 c5 27. Be5 Qc6 28. h4 Re8 29. Bxg7 c4 0-1

[Event "2BLW 2324 Klub Kölner SF - SV Werder Br"]
[Site "?"]
[Date "2023.12.03"]
[Round "4.4"]
[White "Helbig, Mark"]
[Black "Lobzhanidze, Davit"]
[Result "0-1"]
[WhiteElo "2292"]
[BlackElo "2400"]
[PlyCount "110"]
[EventDate "2023.??.??"]

1. d4 Nf6 2. c4 e6 3. g3 Bb4+ 4. Bd2 Be7 5. Bg2 d5 6. Nf3 O-O 7. O-O Nbd7 8. Qc2 c6 9. Bg5 b6 10. Nbd2 Bb7 11. Rfd1 c5 12. dxc5 Nxc5 13. b4 Nce4 14. Bxf6 Nxf6 15. Qb2 Rc8 16. a3 dxc4 17. Nxc4 Qc7 18. Rac1 Rfd8 19. Ncd2 Qb8 20. Rxc8 Rxc8 21. Rc1 h6 22. Rxc8+ Qxc8 23. Ne5 Bxg2 24. Kxg2 Qb7+ 25. Ndf3 Qe4 26. Qd2 g5 27. h3 Nd5 28. Nc6 Ne3+ 29. Qxe3 Qxc6 30. Qd3 b5 31. Kh2 Bf6 32. Nd4 Qb6 33. e3 Bxd4 34. exd4 e5 35. Kg2 exd4 36. Qe4 a6 37. Kf3 Kg7 38. Qe5+ Kg6 39. Ke4 Qc6+ 40. Kxd4 Qd7+ 41. Qd5 Qxh3 42. Qd6+ Qe6 43. Qxe6+ fxe6 44. Ke5 Kf7 45. g4 Ke7 46. f3 Kf7 47. Kd4 Kf6 48. Ke4 Kg6 49. Ke5 h5 50. gxh5+ Kxh5 51. Kxe6 Kh4 52. Kf5 Kg3 53. Ke4 Kf2 54. f4 gxf4 55. Kxf4 Ke2 0-1

[Event "2BLW 2324 Klub Kölner SF - SV Werder Br"]
[Site "?"]
[Date "2023.12.03"]
[Round "4.5"]
[White "Kollen, Zyon"]
[Black "Wacker, Peter"]
[Result "1/2-1/2"]
[WhiteElo "2318"]
[BlackElo "2231"]
[PlyCount "56"]
[EventDate "2023.??.??"]

1. e4 e5 2. Nf3 Nf6 3. Nxe5 d6 4. Nf3 Nxe4 5. Nc3 Nxc3 6. dxc3 Be7 7. Be3 Nc6 8. Qd2 Be6 9. O-O-O Qd7 10. Kb1 O-O-O 11. Nd4 Nxd4 12. Qxd4 c5 13. Qd2 d5 14. Be2 Qc7 15. Bf3 Rhe8 16. Rhe1 h6 17. Bf4 Bd6 18. Bxd6 Qxd6 19. b3 Qc7 20. Qe3 Bd7 21. Qd3 Rxe1 22. Rxe1 Bc6 23. Qh7 f6 24. Rd1 Kb8 25. h3 a6 26. Qf5 Qd7 27. Qf4+ Qd6 28. Qe3 d4 1/2-1/2